ORAL HISTOLOGY: DEVELOPMENT STRUCTURE (Record no. 3248)

MARC details
000 -LEADER
fixed length control field 00358nam a2200145Ia 4500
008 - FIXED-LENGTH DATA ELEMENTS--GENERAL INFORMATION
fixed length control field 150201s2004 xx 000 0 und d
082 ## - DEWEY DECIMAL CLASSIFICATION NUMBER
Classification number 617.313
Item number O2004T
100 ## - MAIN ENTRY--PERSONAL NAME
Personal name TEN CATE'S
245 ## - TITLE STATEMENT
Title ORAL HISTOLOGY: DEVELOPMENT STRUCTURE
250 ## - EDITION STATEMENT
Edition statement 6TH
260 ## - PUBLICATION, DISTRIBUTION, ETC. (IMPRINT)
Name of publisher, distributor, etc. MOSBY
Place of publication, distribution, etc. NEW DELHI
Date of publication, distribution, etc. 2004
300 ## - PHYSICAL DESCRIPTION
Extent 1-445
650 ## - SUBJECT ADDED ENTRY--TOPICAL TERM
Topical term or geographic name as entry element DENTAL ANATOMY
942 ## - ADDED ENTRY ELEMENTS (KOHA)
Source of classification or shelving scheme Dewey Decimal Classification
Koha item type Books
Koha issues (borrowed), all copies 1
Holdings
Withdrawn status Lost status Source of classification or shelving scheme Damaged status Not for loan Home library Current library Date acquired Source of acquisition Cost, normal purchase price Serial Enumeration / chronology SGTU Bill Number Total Checkouts Full call number Barcode Date last seen Date last checked out Bill Date Koha item type
    Dewey Decimal Classification     SGT Dental Library SGT Dental Library 10/03/2005 ELSEVIER 726.00 1 SGTU 1305 2 617.313 O2004T FD3402 02/01/2017 29/12/2016 07/05/2012 Books